<?xml version="1.0" encoding="UTF-8"?>
<collection xmlns="http://www.loc.gov/MARC21/slim">
 <record>
  <leader>00590nam a22001935a 4500</leader>
  <controlfield tag="001">CEM.cems015816</controlfield>
  <controlfield tag="005">20121108153010.0</controlfield>
  <controlfield tag="008">130507s1984##################000#0#####d</controlfield>
  <controlfield tag="003">CEMS</controlfield>
  <datafield tag="020" ind1=" " ind2=" ">
   <subfield code="a">8420000019</subfield>
  </datafield>
  <datafield tag="082" ind1="0" ind2="4">
   <subfield code="a">637.3</subfield>
  </datafield>
  <datafield tag="100" ind1="1" ind2=" ">
   <subfield code="a">Dilanjan, Sawen Christoforowitsch</subfield>
  </datafield>
  <datafield tag="245" ind1="1" ind2="0">
   <subfield code="a">Fundamentos de la elaboración del queso /</subfield>
   <subfield code="c">Sawen Christoforowitsch Dilanjan,</subfield>
  </datafield>
  <datafield tag="260" ind1=" " ind2=" ">
   <subfield code="a">Zaragoza :</subfield>
   <subfield code="b">Acribia,</subfield>
   <subfield code="c">1984</subfield>
  </datafield>
  <datafield tag="300" ind1=" " ind2=" ">
   <subfield code="a">127 p.</subfield>
  </datafield>
  <datafield tag="653" ind1=" " ind2=" ">
   <subfield code="a">Industrias lácteas</subfield>
  </datafield>
  <datafield tag="653" ind1=" " ind2=" ">
   <subfield code="a">Leche</subfield>
  </datafield>
  <datafield tag="653" ind1=" " ind2=" ">
   <subfield code="a">Queso-elaboración</subfield>
  </datafield>
  <datafield tag="859" ind1=" " ind2=" ">
   <subfield code="a">CEMS</subfield>
   <subfield code="b">BIB. CEMS - Agricultura</subfield>
   <subfield code="h">637.3</subfield>
   <subfield code="i">D57</subfield>
   <subfield code="p">A13646.85</subfield>
   <subfield code="t">Ej.1</subfield>
   <subfield code="v">1</subfield>
   <subfield code="3">Vol. 1</subfield>
  </datafield>
 </record>
</collection>
